Bảo tồn và phát huy bản sắc văn hóa dân tộc Khmer ở Sóc Trăng hiện nay /

Guardado en:
Detalles Bibliográficos
Autor principal: Lê Thị Tâm.
Formato: Artículo
Lenguaje:Vietnamese
Materias:
Etiquetas: Agregar Etiqueta
Sin Etiquetas, Sea el primero en etiquetar este registro!
Thư viện lưu trữ: Thư viện Trường Đại học Đà Lạt
LEADER 00831nam a2200253 4500
001 DLU210196163
005 ##20210420
040 # # |a DLU  |b vie 
041 # # |a vie 
044 # # |a vn 
100 # # |a Lê Thị Tâm. 
245 # # |a Bảo tồn và phát huy bản sắc văn hóa dân tộc Khmer ở Sóc Trăng hiện nay /  |c Lê Thị Tâm. 
653 # # |a Bản sắc văn hóa 
653 # # |a Dân tộc Khmer 
653 # # |a Sóc Trăng 
773 # # |t Tạp chí Khoa học xã hội Việt Nam  |g Số 7, 2019, tr. 107-112 
920 # # |a Phòng Tạp chí -- Trung tâm Thông tin - Thư viện Trường Đại học Đà Lạt 
900 # # |a True 
911 # # |a Hoàng Thị Huyền 
925 # # |a G 
926 # # |a A 
927 # # |a BB 
980 # # |a Thư viện Trường Đại học Đà Lạt